| 000 | 00648nam a2200205 4500 | ||
|---|---|---|---|
| 003 | OSt | ||
| 005 | 20240626032130.0 | ||
| 006 | a | ||
| 008 | 240626b |||||||| |||| 00| 0 eng d | ||
| 020 | _a9780495830143 | ||
| 040 |
_aDWCL-Main lib. _cOC |
||
| 082 |
_2Second edition _aCirc. 302 B347s 2011 |
||
| 100 | _aBaumeister, Roy F. | ||
| 245 | _aSocial psychology and human nature / | ||
| 260 |
_aBelmont, CA. : _bWadsworth/ Cengage Learning, _cc2011. |
||
| 300 |
_axxix, _b(various paging) : col. ill. ; _c28 cm. |
||
| 504 | _aIncludes bibliographical references & index. | ||
| 650 | _a1. Social psychology. | ||
| 942 |
_2ddc _n0 _cBK-CIRC _kCirc. |
||
| 999 |
_c1376 _d1376 |
||